Statystyki dla Przywódcy ZSRR

Kliknij tutaj aby rozwiązać quiz!

Ogólne statystyki

  • Ten quiz został rozwiązany 82 razy
  • Średni wynik to 5 z 8

Statystyki odpowiedzi

Odpowiedź% Poprawnych
Józef Stalin
100%
Włodzimierz Lenin
99%
Michaił Gorbaczow
78%
Leonid Breżniew
73%
Nikita Chruszczow
73%
Jurij Andropow
44%
Konstantin Czernienko
35%
Gieorgij Malenkow
31%

Rozkład punktacji

Percentyl według liczby udzielonych odpowiedzi

Procent ludzi z każdym wynikiem

Twoja historia wyników

Nie rozwiązałeś tego quizu